000 00709nam a2200205 i 4500
001 150773
003 ES-MaACL
005 20230909063121.0
007 t|
008 071112s1876 sp ||||1| spa d
100 1 _aAzcárate, Gumersindo de,
_d1840-1917
_924243
245 1 0 _aMinuta de un testamento /
_c[Gumersindo de Azcárate] ; publicada y anotada por W.....
260 _aMadrid :
_bLibrería de Victoriano Suárez,
_c1876 (
_fImp, de J. M. Pérez Corredera)
300 _aXI, 187 p. ;
_c18 cm.
650 0 4 _aKrausismo-
_zEspaña.
_914041
651 4 _aEspaña-
_xVida intelectual-
_yS.XIX.
_9138445
852 _aES-MaACL
_jG-15866
852 _aES-MaACL
_jD-1513
999 _c150773
_d150773